Top 8 Shark Films (IMDB) - Statistics

General Stats
  • This quiz has been taken 76 times
    14 since last reset
  • The average score is 1 of 8
Answer Stats
Film Year IMDB % Correct
Jaws 1975 8.1
100%
Dangerous Animals 2025 6.4
9%
Deep Blue Sea 1999 5.9
9%
Shark Tale 2004 6.0
9%
Concrete Shark 2020 6.6
0%
Kon-Tiki 2012 7.1
0%
Soul Surfer 2011 7.0
0%
The Shallows 2016 6.3
0%
No matching quizzes found
Score Distribution
Percent of People with Each Score
Percentile by Number Answered
Your Score History
You have not taken this quiz since the last reset